000 00512nam a2200157 i 4500
001 38022
003 ES-MaACL
005 20230906155701.0
007 t|
008 030224s1967 sp ||||1| spa d
110 2 _aCaja de Ahorros Provincial de Orense.
_92311
245 1 0 _aMemoria correspondiente al ejercicio 1966 /
_cCaja de Ahorros Provincial, Orense.
260 _a[S.l. :
_bs.n.,
_c1967] (
_eLugo :
_fTip. Offset Faro de Vigo)
300 _a27 p. :
_bil. ;
_c24 cm.
852 _aES-MaACL
_jC-46753
_bR.63480
999 _c38022
_d38022